| 000 | 01151pam a2200325 a 4500 | ||
|---|---|---|---|
| 001 | 1002 | ||
| 005 | 20231117091518.0 | ||
| 020 | _a0836810244 (lg. print) | ||
| 040 |
_aDLC _cDLC _dDLC _beng |
||
| 050 | 0 | 0 |
_aPZ7.M3567585 _bKq 1989 |
| 082 | 0 | 0 |
_a[Fic] _220 |
| 100 | 1 |
_aMartin, Ann M., _d1955- |
|
| 245 | 1 | 0 |
_aKristy and the walking disaster / _cAnn M. Martin. |
| 260 |
_aNew York : _bScholastic, _c1989. |
||
| 300 |
_a141 pages : _c20 cm. |
||
| 490 | 1 |
_aThe Baby-sitters Club ; _vBook 20 |
|
| 500 | _a"First published by Scholastic Inc."--verso t. p. | ||
| 505 | _aP | ||
| 520 | _aWhen she sees how much her little brother and young stepbrother and stepsister want to play softball, thirteen-year-old Kristy starts her own team, which makes up in spirit what it lacks in skill. | ||
| 521 |
_a650
_bLexile |
||
| 521 |
_aP
_bRaz-Plus |
||
| 650 | 0 | _aLarge type books. | |
| 650 | 1 |
_aSoftball _xFiction. |
|
| 650 | 1 |
_aStepfamilies _xFiction. |
|
| 650 | 1 |
_aBabysitters and babysitting _xFiction. |
|
| 650 | 1 |
_aClubs _xFiction. |
|
| 650 | 1 | _aLarge type books. | |
| 906 |
_a7 _bcbc _corignew _d1 _eocip _f19 _gy-gencatlg |
||
| 942 |
_2ddc _cBK _n0 |
||
| 999 |
_c1002 _d1002 |
||